000 00594cam a22002051 4500
001 sa 68013407
003 DLC
005 20260227112621.0
008 711115n ii 100 0 eng
010 _asa 68013407
040 _aDLC
_cDLC
_dDLC
043 _aa-ii---
050 0 0 _aSD223
_b.P34
245 0 0 _aPaper from India for the British Commonwealth Forestry Conference.
_bAgenda item.
260 _a[New Delhi,
_bVishva Bharatya Press]
300 _av. in
_c23 cm.
650 0 _aForests and forestry
_zIndia.
711 2 _aBritish Commonwealth Forestry Conference.
710 1 _aIndia.
999 _c85092
_d85092